Rendición de Cuentas (Resumen Ejecutivo) Gestión Educativa 2000-2004 vol.1 (Record no. 8282)

MARC details
000 -LEADER
campo de control de longitud fija 00429nam a2200133Ia 4500
001 - NÚMERO DE CONTROL
campo de control 441
008 - DATOS DE LONGITUD FIJA--INFORMACIÓN GENERAL
campo de control de longitud fija 241024s9999 xx 000 0 und d
082 ## - NÚMERO DE LA CLASIFICACIÓN DECIMAL DEWEY
Número de clasificación RD/379.7293/R426g/2000-2004/V.1
100 ## - ENTRADA PRINCIPAL--NOMBRE DE PERSONA
Nombre de persona República Dominicana.Secretaria de Estado de Educación
245 #0 - MENCIÓN DEL TÍTULO
Título Rendición de Cuentas (Resumen Ejecutivo) Gestión Educativa 2000-2004 vol.1
260 ## - PUBLICACIÓN, DISTRIBUCIÓN, ETC.
Nombre del editor, distribuidor, etc. Corripio
Fecha de publicación, distribución, etc. 2004
901 ## - ELEMENTOS DE DATOS A LOCAL LDA (RLIN)
a 10/11/2010 10:33:18 a.m.

No items available.

© 2024. Todos los Derechos Reservados. Desarrollado por IDEICE